[Event "Berlin Werner Ott op"]
[Site "Berlin"]
[Date "2017.07.22"]
[Round "8"]
[White "Krefenstein, Sergej"]
[Black "Sechting, Martin"]
[Result "1/2-1/2"]
[WhiteElo "2183"]
[BlackElo "2021"]
[PlyCount "182"]
[EventDate "2017.07.15"]
[EventType "swiss"]
[EventRounds "9"]
[EventCountry "GER"]
[SourceTitle "EXT 2019"]
[Source "ChessBase"]
[SourceDate "2018.10.10"]
[SourceVersion "1"]
[SourceVersionDate "2018.10.10"]
[SourceQuality "1"]

1. d4 d5 2. c4 e6 3. Nc3 c5 4. cxd5 exd5 5. Nf3 Nc6 6. dxc5 d4 7. Na4 Bxc5 8. Nxc5 Qa5+ 9. Bd2 Qxc5 10. Rc1 Qb6 11. e3 Be6 12. Qa4 Qxb2 13. Nxd4 Nge7 14. Nxe6 fxe6 15. Bc4 Rd8 16. Qc2 Qxc2 17. Rxc2 Nd5 18. Bb5 Kf7 19. Ke2 Nde7 20. Rb1 Rd7 21. Rb3 a6 22. Bd3 Ne5 23. Be4 b5 24. Be1 Nc4 25. a4 bxa4 26. Rb4 Nd6 27. Bd3 Nb5 28. Rxa4 Rhd8 29. Bc4 Rd6 30. Bb4 Rc6 31. Bb3 Rxc2+ 32. Bxc2 Nd5 33. Ba5 Rc8 34. Kd2 Rc6 35. Bd3 g6 36. Rh4 Kg7 37. Rc4 Rxc4 38. Bxc4 Kf6 39. Kd3 Kf7 40. g3 Nf6 41. h3 Nd7 42. Ke2 Ne5 43. Bb3 Nc6 44. Bb6 Nd6 45. f4 Ne4 46. g4 Nc3+ 47. Kf3 Nd5 48. Bc5 Nc7 49. Ke4 Kf6 50. h4 Nb5 51. Kd3 h5 52. gxh5 gxh5 53. Bd1 Kg6 54. Bf3 Nd8 55. Kc4 Nf7 56. Bf8 Nfd6+ 57. Kd3 Nf5 58. Ke4 Nxh4 59. Bh1 Kf7 60. Bb4 Nf5 61. Bg2 h4 62. Kf3 Ke8 63. e4 Nbd4+ 64. Kf2 Ng3 65. e5 Kd7 66. Be1 Nb3 67. Ke3 Nf5+ 68. Kd3 a5 69. Bh3 a4 70. Kc3 Nbd4 71. Kb2 Ne2 72. Bxf5 exf5 73. Bxh4 Nxf4 74. Ka3 Ke6 75. Kxa4 Kxe5 76. Kb3 Ke4 77. Kc2 Ng2 78. Bg5 Kf3 79. Kd1 Kg4 80. Bh6 Nh4 81. Ke2 Nf3 82. Kf2 Ng5 83. Bxg5 Kxg5 84. Kg3 f4+ 85. Kf3 Kf5 86. Kf2 Ke4 87. Ke2 f3+ 88. Kf2 Kf4 89. Kf1 Ke3 90. Ke1 f2+ 91. Kf1 Kf3 1/2-1/2

[Event "Lueneburg op-A"]
[Site "Lueneburg"]
[Date "2016.07.08"]
[Round "9"]
[White "Ditmas, Hugh"]
[Black "Sechting, Martin"]
[Result "1-0"]
[WhiteElo "1950"]
[BlackElo "2054"]
[PlyCount "115"]
[EventDate "2016.07.01"]
[EventType "swiss"]
[EventRounds "9"]
[EventCountry "GER"]
[SourceTitle "CBM 173 Extra"]
[Source "ChessBase"]
[SourceDate "2016.08.29"]
[SourceVersion "1"]
[SourceVersionDate "2016.08.29"]
[SourceQuality "1"]

1. d4 d5 2. c4 e6 3. Nf3 c5 4. cxd5 exd5 5. Nc3 Nf6 6. g3 Nc6 7. Bg2 Be7 8. 0-0 0-0 9. Bg5 cxd4 10. Nxd4 h6 11. Be3 Re8 12. h3 Bf8 13. Rc1 Ne5 14. b3 Ba3 15. Rc2 a6 16. Bc1 Bb4 17. Bb2 Qa5 18. Qa1 Nc6 19. Nxc6 bxc6 20. a3 Bf8 21. b4 Qd8 22. e3 Bf5 23. Rcc1 a5 24. b5 cxb5 25. Nxb5 Bd3 26. Nc7 Bxf1 27. Nxe8 Bxg2 28. Nxf6+ gxf6 29. Bxf6 Qd6 30. Kxg2 Qxa3 31. Qb1 Qb4 32. Qxb4 Bxb4 33. Rd1 a4 34. Rxd5 a3 35. Rd1 a2 36. Ra1 Ra6 37. Bd4 f5 38. g4 fxg4 39. hxg4 Kf7 40. Kf3 Ke6 41. Ke4 Ra3 42. f4 Kf7 43. f5 Be7 44. Kd5 Ke8 45. e4 Kd7 46. e5 Ra5+ 47. Kc4 Ra4+ 48. Kd3 Bf8 49. e6+ Kd6 50. Bb2 Kd5 51. Re1 Rb4 52. Kc2 Rxg4 53. f6 a1Q 54. Bxa1 Rc4+ 55. Kd3 Be7 56. Re5+ Kd6 57. Kxc4 Bxf6 58. Re4 1-0

[Event "Lueneburg op-A"]
[Site "Lueneburg"]
[Date "2016.07.02"]
[Round "2"]
[White "Sechting, Martin"]
[Black "Cuenca Jimenez, Jose Fernando"]
[Result "0-1"]
[WhiteElo "2054"]
[BlackElo "2525"]
[PlyCount "56"]
[EventDate "2016.07.01"]
[EventType "swiss"]
[EventRounds "9"]
[EventCountry "GER"]
[SourceTitle "CBM 173 Extra"]
[Source "ChessBase"]
[SourceDate "2016.08.29"]
[SourceVersion "1"]
[SourceVersionDate "2016.08.29"]
[SourceQuality "1"]

1. d4 Nf6 2. c4 g6 3. Nc3 Bg7 4. e4 d6 5. f4 c5 6. dxc5 Qa5 7. Bd3 Nfd7 8. Nge2 Nxc5 9. 0-0 Nc6 10. Bc2 0-0 11. a3 Bg4 12. e5 Ne6 13. f5 Ned4 14. f6 exf6 15. exf6 Rfe8 16. Bd3 Bf8 17. Rf4 Qh5 18. Rf2 Ne5 19. Be3 Nxd3 20. Qxd3 Nxe2+ 21. Nxe2 Qe5 22. h3 Bf5 23. Rxf5 Qxf5 24. Qxf5 gxf5 25. Kf2 Rac8 26. b3 d5 27. cxd5 Rc2 28. Kf3 Rxe2 0-1

[Event "Bargteheide op"]
[Site "Bargteheide"]
[Date "2015.05.16"]
[Round "5"]
[White "Powierski, Emil"]
[Black "Sechting, Martin"]
[Result "1/2-1/2"]
[WhiteElo "2256"]
[BlackElo "2032"]
[PlyCount "37"]
[EventDate "2015.05.14"]
[EventType "swiss"]
[EventRounds "7"]
[EventCountry "GER"]
[SourceTitle "CBM 166 Extra"]
[Source "ChessBase"]
[SourceDate "2015.06.18"]
[SourceVersion "1"]
[SourceVersionDate "2015.06.18"]
[SourceQuality "1"]

1. e4 Nf6 2. e5 Nd5 3. d4 d6 4. Nf3 dxe5 5. Nxe5 c6 6. Be2 Nd7 7. Nf3 g6 8. 0-0 Bg7 9. c4 Nc7 10. Nc3 0-0 11. Bf4 Ne6 12. Be3 Qc7 13. Qd2 Rd8 14. Rfd1 b6 15. Rac1 Ba6 16. d5 Ne5 17. Nxe5 Bxe5 18. g3 c5 19. Nb5 1/2-1/2

[Event "Berlin Werner Ott op"]
[Site "Berlin"]
[Date "2014.07.08"]
[Round "4"]
[White "Wierzbicki, Jirawat"]
[Black "Sechting, Martin"]
[Result "1/2-1/2"]
[WhiteElo "1804"]
[BlackElo "2048"]
[PlyCount "130"]
[EventDate "2014.07.05"]
[EventType "swiss"]
[EventRounds "9"]
[EventCountry "GER"]
[SourceTitle "CBM 161 Extra"]
[Source "ChessBase"]
[SourceDate "2014.08.29"]
[SourceVersion "1"]
[SourceVersionDate "2014.08.29"]
[SourceQuality "1"]

1. e4 Nf6 2. Nc3 e5 3. Nf3 Nc6 4. d4 exd4 5. Nxd4 Bb4 6. Nxc6 bxc6 7. Bd3 d5 8. exd5 cxd5 9. 0-0 0-0 10. h3 c6 11. Qf3 Rb8 12. Bg5 Be7 13. b3 h6 14. Bh4 Rb4 15. Bg3 Be6 16. Rfe1 Nd7 17. Ne2 Bf6 18. c3 Rb6 19. Bc2 Re8 20. Nd4 c5 21. Nf5 Nf8 22. Rad1 Bxf5 23. Rxe8 Qxe8 24. Qxf5 Bxc3 25. Qxd5 Bd4 26. Bd3 Re6 27. Bc4 Re1+ 28. Rxe1 Qxe1+ 29. Kh2 Ne6 30. Qf5 g6 31. Qf3 Kg7 32. Qb7 a5 33. Qd7 h5 34. Bxe6 Qxe6 35. Qxe6 fxe6 36. Bh4 Bf6 37. Bg3 Bd4 38. Bh4 Kf7 39. f3 e5 40. Be1 a4 41. g4 axb3 42. axb3 hxg4 43. hxg4 Be3 44. Kg2 Ke6 45. Kf1 Kd5 46. Bc3 Bd4 47. Bd2 e4 48. Ke2 Ke5 49. f4+ Kd5 50. Be3 Bc3 51. Kd1 Ba5 52. Kc2 Bc7 53. Kc3 Bd8 54. Kd2 Bf6 55. Ke2 c4 56. bxc4+ Kxc4 57. Kd2 Bg7 58. Bb6 Kd5 59. Ke3 Bb2 60. Kd2 Ba3 61. Be3 Bb4+ 62. Ke2 Bd6 63. Kd2 Kc4 64. Ke2 Kc3 65. Bd2+ Kc4 1/2-1/2

[Event "Hamburg St Pauli op-A"]
[Site "Hamburg"]
[Date "2013.07.08"]
[Round "3"]
[White "Sechting, Martin"]
[Black "Lehmkuhl, Stefan"]
[Result "1-0"]
[WhiteElo "2074"]
[BlackElo "1948"]
[PlyCount "65"]
[EventDate "2013.07.06"]
[EventType "swiss"]
[EventRounds "9"]
[EventCountry "GER"]
[SourceTitle "CBM 155 Extra"]
[Source "ChessBase"]
[SourceDate "2013.08.26"]
[SourceVersion "1"]
[SourceVersionDate "2013.08.26"]
[SourceQuality "1"]

1. d4 c5 2. d5 Nf6 3. c4 b5 4. cxb5 a6 5. e3 axb5 6. Bxb5 Qa5+ 7. Nc3 g6 8. Nf3 Bg7 9. 0-0 0-0 10. Re1 d6 11. e4 Nbd7 12. Bd2 Ba6 13. Bc6 Rab8 14. Nb5 Qb6 15. a4 Bxb5 16. axb5 Qd8 17. Ra7 Nb6 18. Ba5 Ng4 19. h3 Ne5 20. Nxe5 Bxe5 21. Rd7 Nxd7 22. Bxd8 Rfxd8 23. Qc2 Bd4 24. Ra1 Ne5 25. Ra5 Rb6 26. Kf1 g5 27. b3 Kg7 28. Ra6 Rdb8 29. Rxb6 Rxb6 30. Qd2 h6 31. Qa5 c4 32. bxc4 Nxc4 33. Qb4 1-0

[Event "Hamburg St Pauli op"]
[Site "Hamburg"]
[Date "2012.07.13"]
[Round "7"]
[White "Moeller, Hendrik"]
[Black "Sechting, Martin"]
[Result "1-0"]
[WhiteElo "2238"]
[BlackElo "2058"]
[PlyCount "103"]
[EventDate "2012.07.07"]
[EventType "swiss"]
[EventRounds "9"]
[EventCountry "GER"]
[SourceTitle "EXT 2013"]
[Source "ChessBase"]
[SourceDate "2012.11.22"]
[SourceVersion "1"]
[SourceVersionDate "2012.11.22"]
[SourceQuality "1"]

1. c4 d6 2. g3 e5 3. Bg2 f5 4. Nc3 Nf6 5. d3 Be7 6. e4 c6 7. Nge2 Be6 8. exf5 Bxf5 9. d4 Nbd7 10. 0-0 0-0 11. b3 Qe8 12. dxe5 Nxe5 13. Nd4 Bg4 14. f3 Bd7 15. f4 Neg4 16. h3 Nh6 17. f5 Nf7 18. Bf4 g5 19. Be3 h6 20. Qe2 Ne5 21. g4 Qf7 22. Nf3 Nxf3+ 23. Bxf3 Rfe8 24. Qd2 d5 25. cxd5 Bb4 26. d6 Bxd6 27. Bf2 Bf4 28. Qd3 Be5 29. Rad1 Rad8 30. Bxa7 Bc7 31. Bf2 h5 32. Kg2 Bc8 33. Qc4 Qxc4 34. bxc4 hxg4 35. hxg4 Ba5 36. Rxd8 Rxd8 37. Rd1 Rxd1 38. Nxd1 Bd2 39. Nb2 b5 40. c5 Bd7 41. Bd4 Nd5 42. Bxd5+ cxd5 43. Nd3 b4 44. Ne5 Bb5 45. c6 Ba6 46. Kf2 Kf8 47. Nf3 Bf4 48. Bc5+ Ke8 49. Bxb4 Bb5 50. Bd2 Bxc6 51. Bxf4 gxf4 52. Nd4 1-0

[Event "Hamburg St Pauli op"]
[Site "Hamburg"]
[Date "2012.07.10"]
[Round "4"]
[White "Sechting, Martin"]
[Black "Korba, Roman"]
[Result "0-1"]
[WhiteElo "2058"]
[BlackElo "2189"]
[PlyCount "72"]
[EventDate "2012.07.07"]
[EventType "swiss"]
[EventRounds "9"]
[EventCountry "GER"]
[SourceTitle "EXT 2013"]
[Source "ChessBase"]
[SourceDate "2012.11.22"]
[SourceVersion "1"]
[SourceVersionDate "2012.11.22"]
[SourceQuality "1"]

1. d4 Nf6 2. c4 e6 3. g3 c5 4. d5 exd5 5. cxd5 d6 6. Nc3 g6 7. Bg2 Bg7 8. e4 0-0 9. Nge2 Re8 10. 0-0 b5 11. Nxb5 Nxe4 12. Re1 a6 13. Nec3 Nxc3 14. Nxc3 Nd7 15. Ne4 Ne5 16. Bg5 f6 17. Bd2 Bg4 18. f3 Bf5 19. Bc3 Qb6 20. Nf2 Nc4 21. Ne4 Bxe4 22. fxe4 Nxb2 23. Qb1 Rab8 24. Rf1 c4+ 25. Kh1 Nd3 26. Qxb6 Rxb6 27. Bd4 Rb4 28. Bxf6 c3 29. a3 Rb3 30. Bxg7 Kxg7 31. Ra2 Rb2 32. Rxb2 cxb2 33. e5 Rxe5 34. Rb1 Re1+ 35. Rxe1 Nxe1 36. Be4 Nf3 0-1

[Event "Hamburg-ch int 12th"]
[Site "Hamburg"]
[Date "2009.06.03"]
[Round "5"]
[White "Hawranke, Dietrich"]
[Black "Sechting, Martin"]
[Result "0-1"]
[WhiteElo "2176"]
[BlackElo "2121"]
[PlyCount "34"]
[EventDate "2009.05.30"]
[EventType "swiss"]
[EventRounds "9"]
[EventCountry "GER"]
[SourceTitle "CBM 130 Extra"]
[Source "ChessBase"]
[SourceDate "2009.07.02"]
[SourceVersion "2"]
[SourceVersionDate "2009.07.15"]
[SourceQuality "1"]

1. d4 Nf6 2. Nf3 e6 3. e3 b6 4. Bd3 Bb7 5. 0-0 Ne4 6. c4 f5 7. Nc3 Bb4 8. Ne2 0-0 9. a3 Be7 10. Nc3 d6 11. Qc2 Nxc3 12. bxc3 Bxf3 13. gxf3 Qe8 14. f4 Qh5 15. Be2 Qh3 16. e4 Rf6 17. Qd3 Rg6+ 0-1

[Event "Hamburg-ch int 12th"]
[Site "Hamburg"]
[Date "2009.05.30"]
[Round "1"]
[White "Sechting, Martin"]
[Black "Carlstedt, Jonathan"]
[Result "0-1"]
[WhiteElo "2121"]
[BlackElo "2322"]
[PlyCount "72"]
[EventDate "2009.05.30"]
[EventType "swiss"]
[EventRounds "9"]
[EventCountry "GER"]
[SourceTitle "CBM 130 Extra"]
[Source "ChessBase"]
[SourceDate "2009.07.02"]
[SourceVersion "2"]
[SourceVersionDate "2009.07.15"]
[SourceQuality "1"]

1. d4 Nf6 2. c4 c5 3. d5 e6 4. Nc3 exd5 5. cxd5 d6 6. Nf3 g6 7. Nd2 Nbd7 8. Nc4 Nb6 9. e4 Bg7 10. Bf4 Nxc4 11. Bxc4 0-0 12. h3 Re8 13. Qd3 Nxe4 14. Nxe4 f5 15. f3 fxe4 16. fxe4 Bd4 17. 0-0-0 Qf6 18. Rhf1 Bxb2+ 19. Kc2 Rxe4 20. Bxd6 Bf5 21. Rxf5 gxf5 22. Bxc5 b5 23. Bxb5 Rc8 24. Bc6 Qe5 25. Kb1 Rb8 26. Bb5 a6 27. d6 Qxc5 28. d7 Bf6 29. Qb3+ Kf8 30. Rc1 Re1 31. Rxe1 Rxb5 32. Re8+ Kg7 33. Rg8+ Kh6 34. d8Q Rxb3+ 35. axb3 Bxd8 36. Rxd8 Qg1+ 0-1

[Event "Berlin Kreuzberg op 9th"]
[Site "Berlin"]
[Date "2008.07.27"]
[Round "8"]
[White "Richter, Goetz"]
[Black "Sechting, Martin"]
[Result "1-0"]
[WhiteElo "1997"]
[BlackElo "2100"]
[PlyCount "79"]
[EventDate "2008.07.19"]
[EventType "swiss"]
[EventRounds "9"]
[EventCountry "GER"]
[SourceTitle "EXT 2019"]
[Source "ChessBase"]
[SourceDate "2018.10.10"]
[SourceVersion "1"]
[SourceVersionDate "2018.10.10"]
[SourceQuality "1"]

1. e4 c5 2. Nf3 a6 3. c4 d6 4. d4 cxd4 5. Nxd4 Nf6 6. Nc3 e6 7. g3 Nbd7 8. Bg2 Qc7 9. b3 b5 10. e5 dxe5 11. Ndxb5 Qa5 12. Bd2 axb5 13. Nxb5 Bb4 14. Bxa8 0-0 15. Bg2 Nc5 16. a3 Bxd2+ 17. Qxd2 Qxd2+ 18. Kxd2 Nxb3+ 19. Kc3 Nxa1 20. Rxa1 Ba6 21. Rd1 Rc8 22. Kb4 Bxb5 23. cxb5 e4 24. Rd6 Kf8 25. Ka5 Rc2 26. b6 Rb2 27. Ka6 Ke7 28. Rc6 Nd7 29. Bxe4 Nb8+ 30. Kb7 Nxc6 31. Bxc6 Rxf2 32. Kc7 Rd2 33. b7 Rd8 34. b8Q Rxb8 35. Kxb8 Kd6 36. Kb7 f5 37. a4 e5 38. a5 e4 39. a6 e3 40. Bf3 1-0

[Event "Berlin Kreuzberg op 9th"]
[Site "Berlin"]
[Date "2008.07.22"]
[Round "4"]
[White "Sechting, Martin"]
[Black "Berger, Steve"]
[Result "0-1"]
[WhiteElo "2100"]
[BlackElo "2408"]
[PlyCount "56"]
[EventDate "2008.07.19"]
[EventType "swiss"]
[EventRounds "9"]
[EventCountry "GER"]
[SourceTitle "EXT 2019"]
[Source "ChessBase"]
[SourceDate "2018.10.10"]
[SourceVersion "1"]
[SourceVersionDate "2018.10.10"]
[SourceQuality "1"]

1. d4 g6 2. c4 Bg7 3. e4 Nc6 4. Nf3 e5 5. Bg5 f6 6. Be3 d6 7. d5 Nce7 8. Qd2 f5 9. g3 Nf6 10. Nc3 0-0 11. 0-0-0 b5 12. cxb5 a6 13. bxa6 Bxa6 14. Bxa6 Rxa6 15. Bh6 Nxe4 16. Nxe4 fxe4 17. Bxg7 Rxf3 18. Bh6 Rxa2 19. Be3 Nf5 20. Rhe1 Qa8 21. Qb4 Nxe3 22. fxe3 Rf2 23. Rd2 Ra4 24. Qb3 Ra1+ 25. Kc2 Rxd2+ 26. Kxd2 Qa5+ 27. Qc3 Qxd5+ 28. Ke2 Qd3+ 0-1

[Event "Berlin op 07"]
[Site "Berlin"]
[Date "2006.07.12"]
[Round "5"]
[White "Sechting, Martin"]
[Black "Schmidt Schaeffer, Sebastian"]
[Result "1/2-1/2"]
[WhiteElo "2107"]
[BlackElo "2370"]
[PlyCount "133"]
[EventDate "2006.07.08"]
[EventType "swiss"]
[EventRounds "9"]
[EventCountry "GER"]
[SourceTitle "CBM 113 Extra"]
[Source "ChessBase"]
[SourceDate "2006.09.14"]
[SourceVersion "1"]
[SourceVersionDate "2006.09.14"]
[SourceQuality "1"]

1. d4 f5 2. c4 Nf6 3. g3 g6 4. Bg2 Bg7 5. Nf3 0-0 6. 0-0 d6 7. Nc3 c6 8. Re1 Ne4 9. Qd3 Nxc3 10. bxc3 e5 11. Bg5 Qe8 12. e4 Nd7 13. exf5 gxf5 14. Qe3 Qf7 15. Rad1 h6 16. Bh4 e4 17. Nd2 Nb6 18. Qf4 Nxc4 19. Nxc4 Qxc4 20. Be7 Rf7 21. Qxd6 Qxa2 22. Qd8+ Bf8 23. Bxf8 Rxf8 24. Qh4 Qe6 25. g4 Qf6 26. Qh5 Be6 27. gxf5 Bxf5 28. Re3 Rae8 29. Rf1 Kh7 30. f3 Bg6 31. Qa5 Qf4 32. Ree1 exf3 33. Rxe8 f2+ 34. Kh1 Rxe8 35. Qxa7 Qf7 36. h3 Re1 37. Qb8 Rxf1+ 38. Bxf1 Be4+ 39. Kh2 Qg7 40. Qg3 Qf7 41. Qe5 Qf3 42. Qc7+ Kg6 43. Qg3+ Kf5 44. Qxf3+ Bxf3 45. Kg3 Ke4 46. Kxf2 Bh5 47. Bc4 b6 48. Be6 Kd3 49. Bd7 Kxc3 50. Ke3 b5 51. Bxc6 b4 52. d5 b3 53. d6 b2 54. Be4 Be8 55. h4 Kc4 56. Kd2 Kc5 57. Kc3 Kxd6 58. Kxb2 Ke5 59. Bb7 Kf4 60. Kc3 Kg3 61. Kd2 Kxh4 62. Ke2 Kg3 63. Kf1 h5 64. Kg1 Bd7 65. Bg2 h4 66. Kh1 Bb5 67. Kg1 1/2-1/2

[Event "Pardubice op-A"]
[Site "Pardubice"]
[Date "2005.07.25"]
[Round "4"]
[White "Lamby, Philipp"]
[Black "Sechting, Martin"]
[Result "1-0"]
[WhiteElo "2237"]
[BlackElo "2132"]
[PlyCount "75"]
[EventDate "2005.07.22"]
[EventType "swiss"]
[EventRounds "9"]
[EventCountry "CZE"]
[SourceTitle "CBM 107 Extra"]
[Source "ChessBase"]
[SourceDate "2005.09.01"]
[SourceVersion "1"]
[SourceVersionDate "2005.09.01"]
[SourceQuality "1"]

1. d4 Nf6 2. c4 e6 3. Nc3 Bb4 4. f3 c5 5. d5 Nh5 6. Nh3 Qh4+ 7. Nf2 Qxc4 8. e4 Bxc3+ 9. bxc3 Qxc3+ 10. Bd2 Qd4 11. Qc1 exd5 12. Bc3 Qa4 13. Qg5 d4 14. Bd2 Nc6 15. Qxh5 c4 16. Qc5 d3 17. g3 f6 18. Bg2 b6 19. Qd5 Ba6 20. 0-0 Qc2 21. Bh3 Rd8 22. Bf4 Ne7 23. Qh5+ Ng6 24. Bf5 0-0 25. Bxg6 hxg6 26. Qxg6 d2 27. Ng4 d5 28. Ne3 Qa4 29. Nf5 Qd7 30. Bxd2 d4 31. Bb4 Rfe8 32. Nh6+ Kh8 33. Nf7+ Kg8 34. Nxd8 Rxd8 35. Rfd1 Bb7 36. Bc3 d3 37. Bxf6 Qf7 38. Qxf7+ 1-0

[Event "Pardubice op-A"]
[Site "Pardubice"]
[Date "2005.07.23"]
[Round "2"]
[White "Rendboe, John Filip"]
[Black "Sechting, Martin"]
[Result "1-0"]
[WhiteElo "2259"]
[BlackElo "2132"]
[PlyCount "93"]
[EventDate "2005.07.22"]
[EventType "swiss"]
[EventRounds "9"]
[EventCountry "CZE"]
[SourceTitle "CBM 107 Extra"]
[Source "ChessBase"]
[SourceDate "2005.09.01"]
[SourceVersion "1"]
[SourceVersionDate "2005.09.01"]
[SourceQuality "1"]

1. d4 Nf6 2. c4 e6 3. Nc3 Bb4 4. e3 b6 5. Nge2 Ba6 6. a3 Be7 7. Nf4 d5 8. cxd5 Bxf1 9. Kxf1 exd5 10. g4 c6 11. g5 Ne4 12. Nxe4 dxe4 13. h4 g6 14. Qc2 h6 15. gxh6 Rxh6 16. Qxe4 Qd7 17. Bd2 Na6 18. Rc1 Rc8 19. Nd3 f5 20. Qe5 c5 21. Qg7 Bg5 22. Qg8+ Ke7 23. Qg7+ Kd8 24. Qxd7+ Kxd7 25. dxc5 bxc5 26. b4 c4 27. Ne5+ Ke6 28. Nf3 Bf6 29. Bc3 Be7 30. Bd4 Rc7 31. Ke2 Nb8 32. Be5 Bd6 33. Bxd6 Kxd6 34. Rhd1+ Ke7 35. Rd4 c3 36. Rd3 c2 37. Kd2 Nd7 38. Rc3 Rxc3 39. Kxc3 Nf6 40. Rxc2 Ne4+ 41. Kd4 Nd6 42. a4 Rh8 43. Rc7+ Ke6 44. Ng5+ Kf6 45. Kd5 Rxh4 46. f4 a5 47. Kxd6 1-0

[Event "Pardubice op-A"]
[Site "Pardubice"]
[Date "2005.07.22"]
[Round "1"]
[White "Sechting, Martin"]
[Black "Tjurin, Alexander P"]
[Result "0-1"]
[WhiteElo "2132"]
[BlackElo "2341"]
[PlyCount "66"]
[EventDate "2005.07.22"]
[EventType "swiss"]
[EventRounds "9"]
[EventCountry "CZE"]
[SourceTitle "CBM 107 Extra"]
[Source "ChessBase"]
[SourceDate "2005.09.01"]
[SourceVersion "1"]
[SourceVersionDate "2005.09.01"]
[SourceQuality "1"]

1. d4 Nf6 2. c4 e5 3. dxe5 Ng4 4. Nf3 Bc5 5. e3 Nc6 6. Qd5 Qe7 7. Be2 Ncxe5 8. Nc3 d6 9. Qd1 c6 10. h3 Nxf3+ 11. Bxf3 Ne5 12. b3 Bb4 13. Bb2 Qf6 14. Rc1 Bf5 15. a3 Nd3+ 16. Qxd3 Bxd3 17. axb4 0-0 18. Ba1 Rfe8 19. Nd5 Qh4 20. g3 Qd8 21. Nf4 Be4 22. Bxe4 Rxe4 23. Nh5 Qg5 24. Nf4 a5 25. Bc3 axb4 26. Bxb4 Ra2 27. Ng2 Qf5 28. 0-0 c5 29. Ra1 Rxa1 30. Rxa1 Re8 31. Bc3 Qc2 32. Ba5 Ra8 33. Nf4 b6 0-1